[Event "4NCL Division Four"]
[Site "Telford, ENG"]
[Date "2023.11.18"]
[Round "1.103"]
[White "Sengupta, Sohana"]
[Black "Belur, Ankita"]
[Result "1/2-1/2"]
[WhiteElo "1241"]
[BlackElo "1401"]
[PlyCount "88"]
[EventDate "2023.11.18"]
[WhiteTeam "She Plays To Win Young Stars B"]
[BlackTeam "She Plays To Win Young Stars A"]

1. e4 d6 2. d4 Nf6 3. Nc3 g6 4. Nf3 Bg7 5. h3 O-O 6. Be3 c6 7. a4 Nbd7 8. Qd2
c5 9. Bd3 cxd4 10. Bxd4 Nc5 11. O-O Nxd3 12. Qxd3 Be6 13. Ng5 Qc8 14. Nxe6 Qxe6
15. f4 Rfc8 16. Ra3 Qc4 17. Rd1 Nh5 18. Bxg7 Kxg7 19. Rf1 Qxd3 20. cxd3 e5 21.
fxe5 dxe5 22. Rb3 b6 23. Rb5 Rc5 24. Rxc5 bxc5 25. Nd5 Rb8 26. Rf2 Nf4 27. Nxf4
exf4 28. Rc2 Kf6 29. Kf2 Ke6 30. Kf3 g5 31. Rxc5 f6 32. Rc6+ Ke5 33. Rc5+ Kd6
34. Rf5 Ke7 35. Ra5 Rb7 36. Ra6 h5 37. Ra5 Rd7 38. Ke2 Rb7 39. Kf3 Rxb2 40.
Rxa7+ Kd6 41. Ra5 Rb1 42. Rd5+ Ke6 43. a5 Ra1 44. Rb5 Ra3 1/2-1/2

[Event "4NCL Division Four"]
[Site "Telford, ENG"]
[Date "2023.11.18"]
[Round "1.104"]
[White "Wilson, Florence"]
[Black "Scott, Jane"]
[Result "1/2-1/2"]
[WhiteElo "1388"]
[BlackElo "1244"]
[PlyCount "103"]
[EventDate "2023.11.18"]
[WhiteTeam "She Plays To Win Young Stars A"]
[BlackTeam "She Plays To Win Young Stars B"]

1. e4 e5 2. Nf3 Nc6 3. Bc4 Nf6 4. Ng5 d5 5. exd5 Na5 6. Bb5+ Bd7 7. Bxd7+ Qxd7
8. d3 Qxd5 9. O-O O-O-O 10. Nc3 Qd7 11. Be3 h6 12. Nge4 Nxe4 13. Nxe4 f5 14.
Nc5 Bxc5 15. Bxc5 Qd5 16. Bb4 Nc6 17. Bd2 e4 18. Bc3 exd3 19. cxd3 Rhg8 20. Qh5
Qxd3 21. Qf7 Qd7 22. Qb3 Nd4 23. Qc4 Qb5 24. Qf7 Ne2+ 25. Kh1 Nxc3 26. bxc3 Qd5
27. Qh5 Qe5 28. Rfe1 Qc5 29. Re2 Qd5 30. Rae1 b6 31. h3 Rgf8 32. Re5 Qf7 33.
Qf3 Kb8 34. Re7 Qg8 35. Qg3 Rc8 36. Rxg7 Qxa2 37. Ree7 Qc4 38. Kh2 Rg8 39. Rxc7
Qxc7 40. Qxc7+ Rxc7 41. Rxg8+ Kb7 42. Rf8 a5 43. Rxf5 Rc4 44. Rf8 a4 45. Rf7+
Rc7 46. Rf4 b5 47. Rb4 Kb6 48. f4 Rxc3 49. f5 Rc6 50. g4 Rf6 51. Kg3 Kc5 52.
Rb1 1/2-1/2

[Event "4NCL Division Four"]
[Site "Telford, ENG"]
[Date "2023.11.18"]
[Round "1.105"]
[White "Tager, Maya"]
[Black "Mehta, Sophie"]
[Result "0-1"]
[WhiteElo "1307"]
[BlackElo "1385"]
[PlyCount "82"]
[EventDate "2023.11.18"]
[WhiteTeam "She Plays To Win Young Stars B"]
[BlackTeam "She Plays To Win Young Stars A"]

1. e4 c5 2. d3 d6 3. Nd2 Nf6 4. Ngf3 g6 5. g3 Bg7 6. Bg2 O-O 7. O-O Nc6 8. Re1
Nd7 9. c3 Rb8 10. a4 a6 11. Qc2 b5 12. axb5 axb5 13. Rb1 b4 14. cxb4 Nxb4 15.
Qb3 Ba6 16. Nc4 Ne5 17. Nfxe5 dxe5 18. Bf1 Qd7 19. Be3 Rfd8 20. Red1 Bb5 21.
Ra1 Rdc8 22. Qc3 Nc6 23. Bxc5 Nd4 24. Bxd4 exd4 25. Qc2 Qc6 26. b3 Bxc4 27.
bxc4 f5 28. exf5 gxf5 29. Bg2 Qb5 30. Qe2 Qb4 31. Qe6+ Kh8 32. Qxf5 Rf8 33. Qh5
Rf6 34. Qe5 Rxf2 35. Qxb8+ Qxb8 36. Ra8 Rxg2+ 37. Kxg2 Qxa8+ 38. Kg1 Bh6 39.
Re1 Be3+ 40. Kf1 Qf8+ 41. Ke2 Qf2+ 0-1

[Event "4NCL Division Four"]
[Site "Telford, ENG"]
[Date "2023.11.18"]
[Round "1.106"]
[White "Shiva, Shrishti"]
[Black "Eccleston, Bryony"]
[Result "1-0"]
[WhiteElo "1394"]
[BlackElo "1181"]
[PlyCount "107"]
[EventDate "2023.11.18"]
[WhiteTeam "She Plays To Win Young Stars A"]
[BlackTeam "She Plays To Win Young Stars B"]

1. e4 e5 2. Nf3 Nc6 3. Bc4 Bc5 4. Nc3 d6 5. h3 Nd4 6. d3 h6 7. Be3 Ne7 8. a3 a6
9. Bxd4 Bxd4 10. Nxd4 exd4 11. Ne2 c5 12. O-O Nc6 13. f4 f5 14. Ng3 Qf6 15. Re1
Kd8 16. Qf3 g5 17. fxg5 Qxg5 18. Nxf5 Rf8 19. Qg3 Bxf5 20. Qxd6+ Ke8 21. exf5+
Ne7 22. Qxc5 Rxf5 23. Rxe7+ Qxe7 24. Qxf5 Qe2 25. Qf2 Qxf2+ 26. Kxf2 Kd7 27.
Re1 b5 28. Be6+ Kd6 29. Bb3 Rf8+ 30. Kg1 a5 31. Re6+ Kc5 32. Rxh6 Rc8 33. Rh5+
Kb6 34. a4 b4 35. Rd5 Re8 36. Rxd4 Re1+ 37. Kf2 Rb1 38. h4 Rxb2 39. h5 Rb1 40.
Rh4 Rd1 41. h6 Rd2+ 42. Kf3 Rd1 43. h7 Rf1+ 44. Ke2 Rf8 45. h8=Q Rxh8 46. Rxh8
Kc5 47. Rh5+ Kd4 48. Rd5+ Kc3 49. Rxa5 Kb2 50. Be6 Ka3 51. g4 Kb2 52. g5 Kxc2
53. g6 b3 54. Bxb3+ 1-0

[Event "4NCL Division Four"]
[Site "Telford, ENG"]
[Date "2023.11.18"]
[Round "1.111"]
[White "Martin, Lewis"]
[Black "Onley, David E"]
[Result "1-0"]
[WhiteElo "2228"]
[BlackElo "2160"]
[PlyCount "55"]
[EventDate "2023.11.18"]
[WhiteTeam "English Deaf Chess Association"]
[BlackTeam "War and Piece A"]

1. c4 f5 2. g3 Nf6 3. Bg2 e6 4. Nf3 Be7 5. O-O O-O 6. b3 a5 7. Bb2 d6 8. d4 Qe8
9. Nbd2 a4 10. Qc2 a3 11. Bc3 d5 12. Ne5 Nbd7 13. f3 c5 14. Rad1 Qh5 15. e4
fxe4 16. fxe4 cxd4 17. Nxd7 Bxd7 18. Bxd4 e5 19. exd5 Ng4 20. h3 exd4 21. hxg4
Rxf1+ 22. Bxf1 d3 23. Bxd3 Bc5+ 24. Kg2 Bxg4 25. Rh1 Qg5 26. Bxh7+ Kf7 27. Ne4
Qe3 28. Rf1+ 1-0

[Event "4NCL Division Four"]
[Site "Telford, ENG"]
[Date "2023.11.18"]
[Round "1.112"]
[White "Tenin, Aleksander"]
[Black "David, Barry A H"]
[Result "1-0"]
[WhiteElo "2060"]
[BlackElo "1692"]
[PlyCount "117"]
[EventDate "2023.11.18"]
[WhiteTeam "War and Piece A"]
[BlackTeam "English Deaf Chess Association"]

1. e4 e6 2. d4 d5 3. Nc3 Bb4 4. Bd2 c5 5. dxc5 Bxc5 6. exd5 exd5 7. Qf3 Nf6 8.
Bg5 Be7 9. Be2 Nc6 10. O-O-O Bg4 11. Qd3 Bxe2 12. Qxe2 O-O 13. Bxf6 Bxf6 14.
Nxd5 Re8 15. Qf3 Bg5+ 16. Nf4 Qf6 17. Ngh3 Bh6 18. Kb1 Rac8 19. Nd5 Qe5 20. Qg3
Qxg3 21. hxg3 Re2 22. Rhe1 Rce8 23. Rxe2 Rxe2 24. Nb4 Bd2 25. Ng1 Re1 26. Rxe1
Bxe1 27. Nxc6 bxc6 28. Nh3 Ba5 29. c3 Bb6 30. a4 a6 31. b4 f6 32. Kc2 Kf7 33.
c4 Ke7 34. c5 Ba7 35. Kc3 a5 36. Kc4 axb4 37. Kxb4 g5 38. f4 h6 39. f5 Kd7 40.
Nf2 Bb8 41. Ne4 Be5 42. g4 Kc7 43. a5 Kb7 44. Nd6+ Ka6 45. Kc4 Kxa5 46. Nb7+
Ka6 47. Nd8 Bg3 48. Nxc6 Kb7 49. Kd5 Be1 50. Ne7 Kc7 51. Ng8 Bc3 52. Nxh6 Kd7
53. c6+ Kc7 54. Ng8 Bb2 55. Ke6 Kxc6 56. Nxf6 Kc7 57. Ne4 Bc1 58. f6 Kd8 59. f7
1-0

[Event "4NCL Division Four"]
[Site "Telford, ENG"]
[Date "2023.11.18"]
[Round "1.113"]
[White "Ajimal, Jet"]
[Black "Tarr, Steve F"]
[Result "1-0"]
[WhiteElo "1644"]
[BlackElo "1803"]
[PlyCount "123"]
[EventDate "2023.11.18"]
[WhiteTeam "English Deaf Chess Association"]
[BlackTeam "War and Piece A"]

1. e4 c5 2. Nf3 g6 3. d4 cxd4 4. Nxd4 Nc6 5. Be3 Bg7 6. Nc3 Nf6 7. f3 O-O 8.
Qd2 d5 9. Nxc6 bxc6 10. O-O-O Qa5 11. a3 Rb8 12. e5 Nd7 13. f4 Nb6 14. Ne4
Qxd2+ 15. Nxd2 Bg4 16. Re1 f6 17. h3 Bd7 18. e6 Bxe6 19. Bxb6 Rxb6 20. Rxe6 Kf7
21. Re3 e5 22. fxe5 fxe5 23. Rf3+ Ke7 24. Rxf8 Kxf8 25. Be2 Bh6 26. Rf1+ Ke7
27. b3 e4 28. Kd1 c5 29. a4 Rb4 30. Nb1 c4 31. Nc3 cxb3 32. cxb3 Rd4+ 33. Kc2
Rd2+ 34. Kb1 Bg7 35. Nxd5+ Rxd5 36. Bc4 Rf5 37. Re1 Re5 38. g4 e3 39. Kc2 Kd6
40. Kd3 Bh6 41. Ke2 Kc5 42. Rd1 Re7 43. Rd3 Kb4 44. Rd5 Bf4 45. h4 Bc7 46. h5
gxh5 47. Rxh5 Bb6 48. Rb5+ Kc3 49. a5 Bd4 50. a6 Bb6 51. Rf5 h6 52. Rf6 Rd7 53.
Rxh6 Rd2+ 54. Ke1 Bc7 55. Rh3 Rg2 56. Rxe3+ Kd4 57. Re7 Ba5+ 58. Kf1 Rxg4 59.
Rxa7 Kc5 60. Rb7 Kc6 61. Bd5+ Kxd5 62. a7 1-0

[Event "4NCL Division Four"]
[Site "Telford, ENG"]
[Date "2023.11.18"]
[Round "1.114"]
[White "Morrison, Munroe L"]
[Black "Gibson, Stephen"]
[Result "1/2-1/2"]
[WhiteElo "1708"]
[BlackElo "1512"]
[PlyCount "60"]
[EventDate "2023.11.18"]
[WhiteTeam "War and Piece A"]
[BlackTeam "English Deaf Chess Association"]

1. e4 e6 2. d4 a6 3. Bd3 b5 4. Nf3 Bb7 5. O-O Nf6 6. Qe2 d6 7. Re1 Nbd7 8. Bg5
Be7 9. Nbd2 c5 10. c3 h6 11. Bh4 g5 12. Bg3 Nh5 13. Nf1 g4 14. N3d2 Nxg3 15.
Nxg3 h5 16. f4 Bh4 17. a4 c4 18. Bc2 Bxg3 19. hxg3 Ke7 20. Rf1 Qg8 21. f5 Qg5
22. axb5 axb5 23. Rxa8 Rxa8 24. fxe6 fxe6 25. d5 e5 26. Rf5 Qh6 27. Qf2 Rf8 28.
Rxf8 Qxf8 29. b3 Qxf2+ 30. Kxf2 Nb6 1/2-1/2

[Event "4NCL Division Four"]
[Site "Telford, ENG"]
[Date "2023.11.18"]
[Round "1.115"]
[White "Fletcher, Ben J"]
[Black "Ross, David C"]
[Result "0-1"]
[WhiteElo "1336"]
[BlackElo "1710"]
[PlyCount "54"]
[EventDate "2023.11.18"]
[WhiteTeam "English Deaf Chess Association"]
[BlackTeam "War and Piece A"]

1. e4 e5 2. Nf3 Nc6 3. Bb5 a6 4. Ba4 Nf6 5. O-O Be7 6. Re1 b5 7. Bb3 O-O 8. c3
d6 9. h3 Na5 10. Bc2 c5 11. d4 cxd4 12. cxd4 exd4 13. Nxd4 Qb6 14. b3 Nc6 15.
Be3 Nxd4 16. Bxd4 Qc6 17. Nd2 Bb7 18. Rc1 Rac8 19. f3 Qd7 20. Nf1 Nh5 21. Kh2
Nf4 22. Bxg7 Kxg7 23. Qd4+ f6 24. e5 fxe5 25. Rxe5 Bf6 26. Rg5+ Kh8 27. Rg8+
Kxg8 0-1

[Event "4NCL Division Four"]
[Site "Telford, ENG"]
[Date "2023.11.18"]
[Round "1.116"]
[White "Knipe, Matthew"]
[Black "Simmons, Michael W"]
[Result "1-0"]
[WhiteElo "1635"]
[BlackElo "1207"]
[PlyCount "77"]
[EventDate "2023.11.18"]
[WhiteTeam "War and Piece A"]
[BlackTeam "English Deaf Chess Association"]

1. e4 c5 2. c3 d6 3. d4 Nf6 4. Bd3 cxd4 5. cxd4 e6 6. Nf3 Be7 7. O-O O-O 8. Nc3
a6 9. Bg5 Nbd7 10. Qc2 e5 11. d5 b5 12. Ne2 Re8 13. Qc6 Nb6 14. Bxf6 Bxf6 15.
Ng3 g6 16. Nd2 Be7 17. f4 Bd7 18. Qc2 Rc8 19. Qd1 Na4 20. Rb1 Qb6+ 21. Kh1 Qd4
22. Nb3 Qb6 23. f5 Nc5 24. Nxc5 Rxc5 25. Qg4 Kh8 26. Qf3 Rf8 27. f6 Bd8 28. Qe3
Bg4 29. Qg5 Bd7 30. h4 Rg8 31. Kh2 Rc7 32. h5 Qd4 33. hxg6 Rxg6 34. Qh4 Bxf6
35. Rxf6 Qxd3 36. Rxg6 fxg6 37. Qd8+ Kg7 38. Rf1 Rc1 39. Qf8# 1-0

[Event "4NCL Division Four"]
[Site "Telford, ENG"]
[Date "2023.11.18"]
[Round "1.121"]
[White "Ireland, David J"]
[Black "Wabuti, Rose"]
[Result "1-0"]
[WhiteElo "1897"]
[BlackElo "1600"]
[PlyCount "113"]
[EventDate "2023.11.18"]
[WhiteTeam "Coventry"]
[BlackTeam "She Plays To Win Uni"]

1. b3 Nf6 2. Bb2 d6 3. g3 e5 4. Bg2 Be7 5. c4 c6 6. Nc3 Be6 7. e4 Nbd7 8. Nge2
d5 9. exd5 cxd5 10. cxd5 Nxd5 11. Nxd5 Nc5 12. Nb4 a5 13. d4 exd4 14. Nd3 Nxd3+
15. Qxd3 Bb4+ 16. Kf1 O-O 17. Qxd4 Qg5 18. h4 Qg4 19. Qxg4 Bxg4 20. f3 Bd7 21.
Kf2 Rfe8 22. Nd4 Rac8 23. Rhd1 b6 24. Rac1 Bc5 25. a3 Be6 26. b4 axb4 27. axb4
Bb3 28. bxc5 Bxd1 29. Rxd1 bxc5 30. Nf5 c4 31. Rc1 Re6 32. Bf1 Rb6 33. Ne7+ Kf8
34. Ba3 Ra6 35. Nxc8+ Rxa3 36. Rxc4 Ra2+ 37. Ke3 Ke8 38. Bd3 Ra3 39. Rc7 Kd8
40. Rxf7 Kxc8 41. Rxg7 h6 42. Rg6 Kd8 43. Rxh6 Ke7 44. h5 Kf7 45. Rg6 Rc3 46.
g4 Ra3 47. g5 Rc3 48. Rf6+ Kg7 49. h6+ Kg8 50. h7+ Kg7 51. Rg6+ Kxh7 52. Rc6+
Rxd3+ 53. Kxd3 Kg7 54. Kd4 Kh7 55. Ke5 Kg7 56. Rc7+ Kg8 57. Kf6 1-0

[Event "4NCL Division Four"]
[Site "Telford, ENG"]
[Date "2023.11.18"]
[Round "1.122"]
[White "Dorman, Orla"]
[Black "Goodwin, Ed H"]
[Result "1-0"]
[WhiteElo "1471"]
[BlackElo "1834"]
[PlyCount "103"]
[EventDate "2023.11.18"]
[WhiteTeam "She Plays To Win Uni"]
[BlackTeam "Coventry"]

1. e4 e6 2. d4 d5 3. Nd2 Nc6 4. Ngf3 Nf6 5. e5 Nd7 6. Nb3 f6 7. exf6 Nxf6 8.
Bd3 Bd6 9. O-O O-O 10. Re1 Re8 11. Ne5 Re7 12. c3 Qe8 13. Bg5 Nd8 14. Qf3 Qf8
15. Qh3 h6 16. Ng6 Qf7 17. Nxe7+ Bxe7 18. Bxf6 Bxf6 19. Qg3 Nc6 20. Re2 h5 21.
Bg6 Qe7 22. Bxh5 Qd6 23. Qxd6 cxd6 24. Bg4 e5 25. Bxc8 Rxc8 26. dxe5 dxe5 27.
Rd1 d4 28. cxd4 exd4 29. Kf1 Rd8 30. Nc5 b6 31. Nd3 Rd5 32. Rc1 Ne5 33. Nxe5
Bxe5 34. g3 Rb5 35. Rd1 Bf6 36. b3 Kh7 37. Red2 Rh5 38. h4 Kg6 39. Rxd4 Bxd4
40. Rxd4 Rc5 41. g4 Kf6 42. Ke2 Rc2+ 43. Rd2 Rc1 44. Kf3 g5 45. h5 Ke5 46. Re2+
Kd4 47. Re7 Rc3+ 48. Kg2 a5 49. Rg7 Rc5 50. Rg6 Ke4 51. h6 Kf4 52. h7 1-0

[Event "4NCL Division Four"]
[Site "Telford, ENG"]
[Date "2023.11.18"]
[Round "1.123"]
[White "Edwards, Rhys"]
[Black "Ravi, Vash"]
[Result "1/2-1/2"]
[WhiteElo "1667"]
[BlackElo "1401"]
[PlyCount "116"]
[EventDate "2023.11.18"]
[WhiteTeam "Coventry"]
[BlackTeam "She Plays To Win Uni"]

1. d4 d5 2. Nf3 Bf5 3. c4 e6 4. Nc3 Nc6 5. Bf4 Nf6 6. cxd5 exd5 7. Qb3 Na5 8.
Qd1 Bd6 9. Bg5 Be7 10. e3 c6 11. Bd3 Bxd3 12. Qxd3 Nd7 13. Bf4 O-O 14. O-O Nf6
15. a3 Nh5 16. b4 Nxf4 17. exf4 Nc4 18. Ne5 Qd6 19. g3 Bf6 20. Nd1 Rad8 21. Ne3
h5 22. h4 Rfe8 23. Rfc1 b5 24. Ra2 g6 25. Qc3 Bg7 26. a4 a6 27. axb5 cxb5 28.
Rca1 Ra8 29. Nf1 Rec8 30. Nd3 Ne3 31. Nc5 Nf5 32. Rd1 a5 33. bxa5 Bxd4 34. Nb7
Bxc3 35. Nxd6 Nxd6 36. Rxd5 Rd8 37. a6 Nc4 38. Rxb5 Bd4 39. Ra4 Nb6 40. Rxd4
Rxd4 41. Rxb6 Ra4 42. Nd2 R4xa6 43. Rxa6 Rxa6 44. Kg2 Ra2 45. Ne4 Kg7 46. Ng5
Kf6 47. Kf3 Rb2 48. Kg2 Rb7 49. Kf3 Kf5 50. Kg2 f6 51. Nh3 Rb2 52. Kf3 Rb1 53.
Kg2 Ke4 54. Ng1 Kd3 55. Nf3 Rb2 56. Ng1 Rb3 57. Nf3 Ra3 58. Ng1 Kc2 1/2-1/2

[Event "4NCL Division Four"]
[Site "Telford, ENG"]
[Date "2023.11.18"]
[Round "1.124"]
[White "Ivanov, Elizabeth"]
[Black "Redmond, John P"]
[Result "0-1"]
[WhiteElo "1601"]
[BlackElo "2272"]
[PlyCount "58"]
[EventDate "2023.11.18"]
[WhiteTeam "She Plays To Win Uni"]
[BlackTeam "North West Eagles"]

1. e4 e6 2. d4 d5 3. exd5 exd5 4. Bd3 c5 5. c3 Nc6 6. Nf3 Nf6 7. Bg5 cxd4 8.
cxd4 Be7 9. O-O O-O 10. h3 Nb4 11. Nc3 Nxd3 12. Qxd3 Be6 13. Rfe1 Rc8 14. a3
Qb6 15. Na4 Qa5 16. Nc3 Qb6 17. Na4 Qc6 18. Nc3 Qc4 19. Qe3 Qb3 20. Re2 Rfe8
21. Ne5 a6 22. g4 h5 23. gxh5 Nxh5 24. Kh1 Bxg5 25. Qxg5 Rxc3 26. f3 Rxf3 27.
Nxf3 Qxf3+ 28. Qg2 Qxe2 29. Qxe2 Ng3+ 0-1

[Event "4NCL Division Four"]
[Site "Telford, ENG"]
[Date "2023.11.18"]
[Round "1.125"]
[White "Doran, Chris"]
[Black "Singha, Swati"]
[Result "1-0"]
[WhiteElo "1991"]
[BlackElo "1552"]
[PlyCount "129"]
[EventDate "2023.11.18"]
[WhiteTeam "North West Eagles"]
[BlackTeam "She Plays To Win Uni"]

1. e4 e5 2. Nf3 Nc6 3. Bb5 d6 4. O-O Nf6 5. Re1 Bg4 6. h3 Bh5 7. c3 Be7 8. d4
O-O 9. Bxc6 bxc6 10. Bg5 h6 11. Bh4 Nh7 12. Bxe7 Qxe7 13. g4 Bg6 14. Nbd2 Ng5
15. Nxg5 Qxg5 16. dxe5 dxe5 17. Qe2 Qh4 18. Kg2 Rad8 19. Rad1 h5 20. f3 Qf6 21.
Nc4 h4 22. Qf2 Qg5 23. a3 Rde8 24. Qe3 Qf6 25. Qxa7 Qe6 26. Qe3 Qf6 27. Rd7 Qf4
28. Qf2 Qg5 29. Qe3 Qf6 30. Red1 Qe6 31. Qd3 Qf6 32. Qd2 Qe6 33. Na5 c5 34. Qd5
Qb6 35. Nc4 Qb3 36. Rd2 Kh7 37. Nxe5 Qb6 38. Nxf7 Qf6 39. Ng5+ Kh6 40. Qxc5
Qxg5 41. Qxg5+ Kxg5 42. Rxc7 Rd8 43. Rd5+ Rxd5 44. exd5 Rd8 45. c4 Rb8 46. b4
Ra8 47. d6 Rxa3 48. d7 Ra2+ 49. Kf1 Rd2 50. Rc5+ Kf6 51. Rc7 Bc2 52. c5 Ba4 53.
c6 Bb5+ 54. Ke1 Rd6 55. Rc8 Re6+ 56. Kd2 Rd6+ 57. Ke3 Re6+ 58. Kd4 Re1 59.
d8=Q+ Kg6 60. Qxh4 Rd1+ 61. Kc5 Ba6 62. Qh5+ Kf6 63. Rf8+ Ke6 64. Qf5+ Ke7 65.
Qf7# 1-0

[Event "4NCL Division Four"]
[Site "Telford, ENG"]
[Date "2023.11.18"]
[Round "1.126"]
[White "Khunda, Deema"]
[Black "Banerjee, Sanjoy K"]
[Result "1/2-1/2"]
[WhiteElo "1481"]
[BlackElo "1753"]
[PlyCount "53"]
[EventDate "2023.11.18"]
[WhiteTeam "She Plays To Win Uni"]
[BlackTeam "North West Eagles"]

1. d4 d5 2. c4 c6 3. Nc3 e6 4. Nf3 Nf6 5. a3 Nbd7 6. Bg5 Be7 7. e3 O-O 8. Bd3
dxc4 9. Bxc4 b5 10. Be2 Bb7 11. O-O a6 12. Qc2 Rc8 13. Rfd1 Qb6 14. b4 a5 15.
Qb3 h6 16. Bh4 Rfe8 17. Rac1 axb4 18. axb4 Nd5 19. Nxd5 exd5 20. Bg3 Qd8 21.
Ne5 Nb6 22. Bg4 Ra8 23. Nxc6 Bxc6 24. Rxc6 Nc4 25. Qc2 Bxb4 26. Bf4 Qa5 27. Qf5
1/2-1/2

[Event "4NCL Division Four"]
[Site "Telford, ENG"]
[Date "2023.11.18"]
[Round "1.127"]
[White "Cooper, John G"]
[Black "Pink, Joshua"]
[Result "1-0"]
[WhiteElo "2278"]
[BlackElo "1846"]
[PlyCount "65"]
[EventDate "2023.11.18"]
[WhiteTeam "North West Eagles"]
[BlackTeam "Coventry"]

1. d4 Nf6 2. c4 c5 3. d5 e6 4. Nc3 exd5 5. cxd5 d6 6. Nf3 g6 7. g3 Bg7 8. Bg2
O-O 9. O-O Na6 10. h3 Nc7 11. a4 a6 12. Re1 Re8 13. e4 Rb8 14. Bf4 Nh5 15. Bg5
Bf6 16. Bxf6 Nxf6 17. e5 dxe5 18. Nxe5 Bd7 19. Qf3 Kg7 20. d6 Ne6 21. Nd5 Nf8
22. Nc7 Rxe5 23. Rxe5 Bc6 24. Qd3 Bxg2 25. Kxg2 c4 26. Qd4 Qd7 27. a5 Qc6+ 28.
Kg1 Rd8 29. Rd1 N8d7 30. Re7 Nc5 31. Qxc4 Qf3 32. Qxf7+ Kh6 33. Qg7+ 1-0

[Event "4NCL Division Four"]
[Site "Telford, ENG"]
[Date "2023.11.18"]
[Round "1.128"]
[White "Manickam, Saravanna Bava"]
[Black "Kee, Steve"]
[Result "0-1"]
[WhiteElo "1759"]
[BlackElo "2153"]
[PlyCount "58"]
[EventDate "2023.11.18"]
[WhiteTeam "Coventry"]
[BlackTeam "North West Eagles"]

1. d4 f5 2. Bf4 Nf6 3. e3 e6 4. Nd2 d6 5. Ngf3 g6 6. Bd3 Bg7 7. O-O O-O 8. h3
Qe7 9. Bg5 h6 10. Bxf6 Qxf6 11. Bc4 Kh8 12. e4 e5 13. c3 Nc6 14. d5 Ne7 15. Qe2
f4 16. Ne1 g5 17. f3 h5 18. Nd3 Bh6 19. Nf2 Rg8 20. Kh2 a6 21. Rg1 Bd7 22. Nf1
Rg7 23. Kh1 g4 24. fxg4 hxg4 25. Nxg4 Bxg4 26. hxg4 Qh4+ 27. Nh2 Bg5 28. Qf3
Rh7 29. Qh3 Qg3 0-1

[Event "4NCL Division Four"]
[Site "Telford, ENG"]
[Date "2023.11.18"]
[Round "1.129"]
[White "Manawadu, Dilhan"]
[Black "Woolgar, Steven G"]
[Result "1-0"]
[WhiteElo "1952"]
[BlackElo "1616"]
[PlyCount "99"]
[EventDate "2023.11.18"]
[WhiteTeam "North West Eagles"]
[BlackTeam "Coventry"]

1. e4 c5 2. Nf3 d6 3. d3 Nf6 4. g3 g6 5. Bg2 Bg7 6. O-O O-O 7. Re1 Nc6 8. e5
Ng4 9. exd6 exd6 10. Nc3 Be6 11. Ng5 Nge5 12. Nxe6 fxe6 13. f4 Nd7 14. Rxe6
Bd4+ 15. Kh1 Rf6 16. Qg4 Nf8 17. Rxf6 Qxf6 18. Bd5+ Kg7 19. Ne4 Qe7 20. c3 Bf6
21. Bd2 Qd7 22. Qxd7+ Nxd7 23. Nxd6 Nb6 24. Be4 Nd8 25. Nxb7 Nxb7 26. Bxb7 Rb8
27. Bc6 Rd8 28. Bb5 Nd5 29. Rd1 Rb8 30. Bc4 Nb6 31. Bb3 a5 32. Re1 a4 33. Bc2
Nd5 34. Bc1 a3 35. Bb3 axb2 36. Bxb2 Bxc3 37. Bxc3+ Nxc3 38. Rc1 Ne2 39. Rxc5
Rb7 40. Rd5 Nc3 41. Rd8 Re7 42. Rg8+ Kh6 43. Rc8 Ne2 44. Kg2 Nd4 45. Rd8 Nf5
46. g4 Ng7 47. Kf3 Ne6 48. Bxe6 Rxe6 49. Ra8 Re1 50. a4 1-0

[Event "4NCL Division Four"]
[Site "Telford, ENG"]
[Date "2024.05.05"]
[Round "10.11"]
[White "Sturt, Charles A"]
[Black "Wong, Chun Hei"]
[Result "1/2-1/2"]
[WhiteElo "1768"]
[BlackElo "2048"]
[PlyCount "114"]
[EventDate "2024.05.05"]
[WhiteTeam "Celtic Tigers 3"]
[BlackTeam "Average Woodpushers"]

1. d4 Nf6 2. Nf3 d5 3. e3 c5 4. b3 cxd4 5. exd4 Nc6 6. Bb2 Bg4 7. Be2 e6 8.
Nbd2 Bd6 9. Ne5 Bxe2 10. Qxe2 Qb6 11. Nxc6 bxc6 12. O-O O-O 13. c4 Qd8 14. c5
Bc7 15. f4 Ba5 16. Nf3 Bc7 17. Nd2 a5 18. a4 Qc8 19. Rf3 Qa6 20. Qxa6 Rxa6 21.
Re1 g6 22. Nb1 Rb8 23. Na3 Ra7 24. Nc2 Ne4 25. Rd1 h5 26. Rdd3 h4 27. Rh3 Rab7
28. Bc1 Kg7 29. Na1 Bd8 30. g4 hxg3 31. hxg3 f5 32. Kg2 Bf6 33. Ba3 g5 34. Rh2
Rg8 35. Kf1 Kf8 36. Bc1 Rbg7 37. Kg2 Ke8 38. Nc2 Bd8 39. Rh5 gxf4 40. Bxf4 Nxg3
41. Rxg3 Rxg3+ 42. Bxg3 Bc7 43. Rh3 f4 44. b4 axb4 45. Nxb4 Rxg3+ 46. Rxg3 fxg3
47. Nxc6 Kd7 48. Nb4 Ba5 49. Nc2 Bc7 50. Ne3 Kc6 51. Nf1 e5 52. dxe5 Bxe5 53.
Nxg3 Kxc5 54. Nf5 Kb4 55. Kf3 Kxa4 56. Ke3 d4+ 57. Nxd4 Bxd4+ 1/2-1/2

[Event "4NCL Division Four"]
[Site "Telford, ENG"]
[Date "2024.05.05"]
[Round "10.12"]
[White "Pelling, Kyle"]
[Black "White, John"]
[Result "1-0"]
[WhiteElo "2036"]
[BlackElo "1740"]
[PlyCount "89"]
[EventDate "2024.05.05"]
[WhiteTeam "Average Woodpushers"]
[BlackTeam "Celtic Tigers 3"]

1. e4 c5 2. Nf3 d6 3. d4 cxd4 4. Nxd4 a6 5. c4 Nf6 6. Nc3 e6 7. Be3 Be7 8. Be2
Nbd7 9. O-O O-O 10. f3 Qc7 11. Rc1 b6 12. Qe1 Re8 13. g4 Ne5 14. g5 Nfd7 15. b4
Nc6 16. Nd5 Qb7 17. Nxc6 Qxc6 18. Nxe7+ Rxe7 19. Qf2 Bb7 20. Rfd1 Rc8 21. Bf1
Ne5 22. b5 Qc7 23. Bxb6 Qb8 24. c5 axb5 25. Bxb5 d5 26. f4 Nc6 27. exd5 exd5
28. Rxd5 Nb4 29. Rd4 Nd5 30. Rcd1 Nc3 31. Rd8+ Re8 32. Bxe8 Nxd1 33. Bxf7+ Kxf7
34. Rxd1 Bc6 35. Qd4 Qb7 36. Re1 Re8 37. Rxe8 Bxe8 38. Qe5 Qf3 39. Qf5+ Kg8 40.
Qe6+ Kf8 41. Bc7 Qd1+ 42. Kg2 Qc2+ 43. Kg3 Qd3+ 44. Kh4 Bf7 45. Bd6+ 1-0

[Event "4NCL Division Four"]
[Site "Telford, ENG"]
[Date "2024.05.05"]
[Round "10.13"]
[White "Rose, Peter"]
[Black "Mulleady, Peter J"]
[Result "0-1"]
[WhiteElo "1662"]
[BlackElo "1969"]
[PlyCount "58"]
[EventDate "2024.05.05"]
[WhiteTeam "Celtic Tigers 3"]
[BlackTeam "Average Woodpushers"]

1. d4 Nf6 2. Bf4 c5 3. e3 Qb6 4. Nc3 a6 5. a3 cxd4 6. exd4 d5 7. h3 e6 8. Nf3
Bd6 9. Bxd6 Qxd6 10. Bd3 Nc6 11. O-O O-O 12. Re1 b5 13. a4 b4 14. Na2 a5 15. b3
Ba6 16. Nc1 Bxd3 17. Nxd3 Rac8 18. Nde5 Ne4 19. Nxc6 Rxc6 20. Ne5 Rc3 21. Rc1
Rfc8 22. Re2 Qc7 23. Nd3 Qa7 24. Ne5 Qe7 25. Nd3 Qf6 26. f3 Qxd4+ 27. Kh2 Nf6
28. Rd2 Qa7 29. Nf2 Qc7+ 0-1

[Event "4NCL Division Four"]
[Site "Telford, ENG"]
[Date "2024.05.05"]
[Round "10.14"]
[White "Rughani, Mahin"]
[Black "Perchard, Matthew"]
[Result "1-0"]
[WhiteElo "1845"]
[BlackElo "1570"]
[PlyCount "135"]
[EventDate "2024.05.05"]
[WhiteTeam "Average Woodpushers"]
[BlackTeam "Celtic Tigers 3"]

1. d4 Nf6 2. Bf4 e6 3. e3 d5 4. Nf3 Bd6 5. Bg3 c5 6. c3 Qc7 7. Nbd2 Nbd7 8. Bd3
O-O 9. Qe2 e5 10. dxe5 Nxe5 11. Nxe5 Bxe5 12. Nf3 Bd6 13. O-O Bxg3 14. hxg3 Bg4
15. Qc2 c4 16. Bf5 Bxf3 17. gxf3 g6 18. Bh3 Qe5 19. Rfd1 Rfd8 20. Rd4 Rd6 21.
Rad1 Rad8 22. Qd2 Ne8 23. f4 Qe7 24. Bg2 f5 25. Bxd5+ Kg7 26. Bxc4 Rxd4 27.
exd4 Nf6 28. Qe2 Qxe2 29. Bxe2 Ne4 30. Bf3 Nd6 31. Re1 Kf6 32. Bd5 Rd7 33. Re6+
Kg7 34. c4 Nc8 35. Kf1 Nb6 36. b3 Nxd5 37. cxd5 Kf7 38. Re5 Kf6 39. Ke2 Rc7 40.
d6 Rd7 41. Re7 Rxe7+ 42. dxe7 Kxe7 43. Kd3 Kd6 44. Kc4 Kc6 45. a4 Kd6 46. b4
Kc6 47. d5+ Kd6 48. Kd4 b6 49. Kc4 a6 50. f3 Kc7 51. a5 bxa5 52. bxa5 Kd7 53.
Kc5 Kc7 54. d6+ Kd7 55. Kd5 Kd8 56. Kc6 Kc8 57. Kb6 Kd7 58. Kxa6 Kxd6 59. Kb6
Kd5 60. a6 Kd4 61. a7 Ke3 62. a8=Q Kf2 63. g4 h5 64. gxh5 gxh5 65. Qd5 h4 66.
Qxf5 Kxf3 67. Qh3+ Kxf4 68. Qxh4+ 1-0

[Event "4NCL Division Four"]
[Site "Telford, ENG"]
[Date "2024.05.05"]
[Round "10.15"]
[White "Rigby, Charles"]
[Black "Hutchinson, Joel"]
[Result "0-1"]
[WhiteElo "1543"]
[BlackElo "1884"]
[PlyCount "36"]
[EventDate "2024.05.05"]
[WhiteTeam "Celtic Tigers 3"]
[BlackTeam "Average Woodpushers"]

1. d4 e6 2. Nf3 f5 3. Bg5 Be7 4. Bxe7 Qxe7 5. Nbd2 Nf6 6. c3 O-O 7. g3 d6 8.
Qc2 e5 9. dxe5 dxe5 10. e4 Nc6 11. Bc4+ Kh8 12. O-O f4 13. Nh4 fxg3 14. fxg3
Bh3 15. Be2 Qc5+ 16. Kh1 Bxf1 17. Rxf1 Rad8 18. Rf3 Nd4 0-1